[Event "Challenge"]
[Site "http://www.queenalice.com/game.php?id=772492"]
[Date "2010.5.7"]
[Round "-"]
[White "GesetzMeister"]
[Black "purplereign"]
[Result "1-0"]
[WhiteElo "1733"]
[BlackElo "1438"]

1. e4 d5 2. e5 d4 3. Nf3 Bg4 4. Bc4 e6 5. h3 Bxf3 6. Qxf3 Nc6 7. d3 Nxe5 8. Qxb7
Qb8 9. Bb5+ Nd7 10. Qc6 Bb4+ 11. Bd2 Qd8 12. O-O Ne7 13. Qc4 Rb8 14. Bxb4 O-O
15. Qxd4 Rxb5 16. Bc3 f6 17. a4 Rd5 18. Qg4 Ne5 19. Qxe6+ Nf7 20. Nd2 Qd6 21.
Qg4 g6 22. Rae1 Nh6 23. Qe4 Nhf5 24. b4 g5 25. Nc4 Qc6 26. f4 Qxa4 27. g4 Nd6
28. Qxe7 Re8 29. Qxf6 Rxe1 30. Qg7# 1-0

[Event "Challenge"]
[Site "http://www.queenalice.com/game.php?id=772493"]
[Date "2010.5.7"]
[Round "-"]
[White "purplereign"]
[Black "GesetzMeister"]
[Result "0-1"]
[WhiteElo "1438"]
[BlackElo "1698"]

1. e4 e5 2. Bc4 Nc6 3. Qf3 Nf6 4. Nh3 Nb4 5. Bb3 d6 6. a3 Bg4 7. Qc3 Nc6 8. Ng5
Be6 9. Bxe6 fxe6 10. Nxe6 Qe7 11. Qc4 Nd4 12. Nxc7+ Kd7 13. Nxa8 Nxe4 14. Qa4+
Ke6 15. Qxa7 Nxc2+ 16. Kf1 Nxa1 17. d3 Nc5 18. Be3 Nxd3 19. Nb6 Qc7 20. Nc3 Be7
21. Ke2 Nxb2 22. Rxa1 Qxc3 23. Rc1 Qd3+ 24. Kf3 Rf8+ 25. Kg3 Qg6+ 26. Kh3 Qe4
27. g3 Rf5 28. g4 Qf3# 0-1

[Event "Challenge"]
[Site "http://www.queenalice.com/game.php?id=805738"]
[Date "2010.7.19"]
[Round "-"]
[White "vieri"]
[Black "GesetzMeister"]
[Result "1-0"]
[WhiteElo "1386"]
[BlackElo "1773"]

1. e4 e5 2. Qf3 Nf6 3. Bc4 Nc6 4. Nh3 d6 5. O-O Nd4 6. Qc3 Bxh3 7. gxh3 Be7 8.
Re1 d5 9. Kg2 dxc4 10. Qxc4 O-O 11. c3 Nc6 12. a3 a6 13. Rd1 Nh5 14. Rg1 Bh4 15.
Rf1 Qg5+ 16. Kh1 Qf4 17. Qe2 Nf6 18. d3 Qxc1 19. Rxc1 Nd7 20. Qg4 Bxf2 21. Qxd7
Rad8 22. Qxc7 Rxd3 23. Qxb7 Na5 24. Qxa6 Nb3 25. Qxd3 Nxc1 26. Qf1 Nb3 27. Ra2
Ba7 28. Qb5 Nc5 29. Nd2 h6 30. Nf3 Ne6 31. Qxe5 g5 32. h4 g4 33. Ne1 Bb8 34. Qh5
Kh7 35. Qf5+ Kh8 36. Qf6+ Kh7 37. b4 Rg8 38. Qxf7+ Ng7 39. Rd2 Kh8 40. Qg6 Bf4
41. Rd7 Be5 42. Qxh6# 1-0

[Event "Challenge"]
[Site "http://www.queenalice.com/game.php?id=805739"]
[Date "2010.7.19"]
[Round "-"]
[White "GesetzMeister"]
[Black "vieri"]
[Result "1-0"]
[WhiteElo "1760"]
[BlackElo "1395"]

1. e4 e5 2. Nf3 d6 3. Bc4 Nf6 4. Ng5 Qe7 5. Bxf7+ Kd8 6. d4 h6 7. Nf3 Qxf7 8.
Nc3 exd4 9. Qxd4 c5 10. Qa4 Bd7 11. Qb3 Bc6 12. Qxf7 Be8 13. Qxb7 Bc6 14. Qf7
Rh7 15. Qxf8+ Ne8 16. Bf4 Nd7 17. Qf5 Nef6 18. Bxd6 Rh8 19. O-O-O Ne8 20. e5 Kc8
21. e6 Ndf6 22. e7+ Kb7 23. Qxc5 Nd7 24. Qb4+ Kc8 25. Rhe1 g6 26. Qc4 Nb8 27.
Bxb8 Rxb8 28. Qxc6+ Nc7 29. Rd7 Rg8 30. Qxc7# 1-0

[Event "Challenge"]
[Site "http://www.queenalice.com/game.php?id=812771"]
[Date "2010.8.3"]
[Round "-"]
[White "GesetzMeister"]
[Black "Mayaune"]
[Result "0-1"]
[WhiteElo "1518"]
[BlackElo "1447"]

1. e4 e5 2. Nf3 Nc6 3. Bc4 Nf6 4. d3 Bc5 5. Ng5 d5 6. exd5 Nxd5 7. Qf3 Nf6 8.
Nxf7 Nd4 9. Qd1 Bg4 10. f3 Nxf3+ 11. gxf3 Qd4 12. Qe2 Bh5 13. Nxh8 Kd7 14. Nf7
Bxf7 15. Nc3 Nh5 16. Bxf7 Nf4 17. Bxf4 Qxf4 18. Bd5 Qh4+ 19. Kd2 Qf4+ 20. Kd1 c6
21. Rg1 Bxg1 22. Qe1 Bxh2 23. Be4 g6 24. Ne2 Qe3 25. Qd2 Qxd2+ 26. Kxd2 Rf8 27.
Rh1 Bf4+ 28. Nxf4 exf4 29. Rxh7+ Kc8 30. Bxg6 Rf6 31. Be4 a6 32. c4 Kb8 0-1

[Event "Challenge"]
[Site "http://www.queenalice.com/game.php?id=812772"]
[Date "2010.8.3"]
[Round "-"]
[White "Mayaune"]
[Black "GesetzMeister"]
[Result "1-0"]
[WhiteElo "1426"]
[BlackElo "1545"]

1. e4 e5 2. Nf3 Nc6 3. Bc4 d6 4. O-O Bg4 5. d3 Qf6 6. Bg5 Qg6 7. Nbd2 Be7 8.
Bxe7 Ngxe7 9. h3 Bxh3 10. Nh4 Qg5 11. Ndf3 Nd4 12. Nxg5 Bd7 13. Bxf7+ Kd8 14.
Ne6+ Bxe6 15. Bxe6 Nxe6 16. Qg4 Kd7 17. f4 exf4 18. Rxf4 Rad8 19. Rf7 h5 20.
Raf1 hxg4 21. Ng6 Rhe8 22. e5 Kc8 23. Nxe7+ Kb8 24. c3 dxe5 25. Ng6 Rxd3 26.
Nxe5 Re3 27. Nxg4 Re2 28. R7f2 Rxf2 29. Rxf2 b6 30. Kf1 Nc5 31. b4 Nd3 32. Re2
Rf8+ 33. Kg1 c5 34. Rd2 1-0

[Event "Challenge"]
[Site "http://www.queenalice.com/game.php?id=830012"]
[Date "2010.9.9"]
[Round "-"]
[White "GesetzMeister"]
[Black "vinoseco"]
[Result "0-1"]
[WhiteElo "1713"]
[BlackElo "1424"]

1. e4 Nf6 2. Nf3 Nxe4 3. Bc4 Nd6 4. d3 Nf5 5. Ne5 d5 6. Bb3 Qd6 7. d4 Qb4+ 8. c3
Qb5 9. Qf3 Nd6 10. a4 Qxb3 11. O-O f6 12. Nd3 Bf5 13. Nd2 Qc2 14. Nf4 Be4 15.
Nxe4 dxe4 16. Qe3 Nc4 17. Qh3 e3 18. fxe3 g5 19. Qc8+ Kf7 20. Qxb7 gxf4 21. exf4
Rg8 22. Qxa8 Nb6 23. Qxb8 Qxg2# 0-1

[Event "Challenge"]
[Site "http://www.queenalice.com/game.php?id=830013"]
[Date "2010.9.9"]
[Round "-"]
[White "vinoseco"]
[Black "GesetzMeister"]
[Result "1-0"]
[WhiteElo "1430"]
[BlackElo "1581"]

1. Nf3 Nc6 2. e4 e5 3. Bd3 Bc5 4. Nc3 d6 5. Nd5 Nf6 6. Ng5 O-O 7. Qf3 Nd4 8. Qg3
c6 9. O-O Ng4 10. Qh4 h6 11. Ne3 hxg5 12. Qg3 Nh6 13. c3 Ne6 14. Nf5 Nf4 15. Bc4
b5 16. d4 bxc4 17. dxc5 d5 18. Rd1 Nxf5 19. exf5 Bxf5 20. Re1 Ng6 21. Qf3 Be4
22. Qg3 f6 23. Qh3 f5 24. Qh5 Qe8 25. Qxg5 1-0

[Event "Challenge"]
[Site "http://www.queenalice.com/game.php?id=834541"]
[Date "2010.9.18"]
[Round "-"]
[White "vichid"]
[Black "GesetzMeister"]
[Result "1-0"]
[WhiteElo "1886"]
[BlackElo "1549"]

1. d4 d5 2. Nf3 Nc6 3. e3 Bg4 4. h3 Bxf3 5. gxf3 e6 6. a3 b6 7. Bb5 Bd6 8. Bxc6+
Ke7 9. Bxa8 Qxa8 10. Nc3 c5 11. e4 dxe4 12. d5 Nf6 13. Bg5 h6 14. Bxf6+ Kxf6 15.
Nxe4+ Ke7 16. Nxd6 Kxd6 17. dxe6+ Kxe6 18. Qe2+ 1-0